Statistics for Countries with Most Mobile Phone Subscriptions per Capita

Click here to take the quiz!

General Stats

  • This quiz has been taken 20 times
  • The average score is 8 of 20

Answer Stats

MobilesCountryContinent% Correct
2.039United Arab EmiratesAsia
88%
1.985KuwaitAsia
76%
1.675Saudi ArabiaAsia
71%
1.598OmanAsia
59%
1.843BahrainAsia
53%
1.550South AfricaAfrica
53%
1.560Costa RicaAmericas
47%
1.747PanamaAmericas
47%
1.577RussiaEurope
47%
1.796MaldivesAsia
41%
1.569Saint Kitts and NevisAmericas
41%
1.559AustriaEurope
35%
1.573Trinidad and TobagoAmericas
35%
1.585UruguayAmericas
35%
1.584SeychellesAfrica
29%
1.776SurinameAmericas
29%
1.589BotswanaAfrica
24%
1.789KazakhstanAsia
18%
1.572GabonAfrica
12%
1.620MontenegroEurope
6%

Score Distribution

Percentile by Number Answered

Percent of People with Each Score

Your Score History

You have not taken this quiz